01801nam a22002777a 4500952011100000952011500111952010300226999001700329008004100346020001800387050002200405100004100427245010100468250001700569260003400586300004400620500020200664500007000866505031100936519009101247519009001338650002101428650002601449650003601475942001201511 00102lcc4070a09b09d2013-06-21l6oKGF1980 F47p09 001902r2017-08-02s2017-07-31t1w2013-06-21yLB 00102lcc4070a20b20d2018-05-15l2oKGF1980 F47 2011p20 001722r2019-07-01s2019-07-01t1w2018-05-15yLB 00102lcc4070a08b08d2018-12-05l0oKGF1980 F47 2005p08 004757r2018-12-05t2w2018-12-05yLB c90047d90047130621t2011 mx ||||| |||| 00| 0 spa d a9786071706270 aKGF1980bF47 2011 aFernández Ruíz, Silvestreeautor aPrestaciones y servicios del IMSSb : cálculo y procedimientosc/ Silvestre Fernández Ruíz a5a edición aMéxicob : Trillasc , 2011 a361 páginasb: il., formas.c; 23 cm. aIncluye: Introducción Agradecimientos Índice de contenido Abreviaturas Organigrama del Instituto Mexicano del Seguro Social y de una delegación Estructura de la Ley del Seguro Social Glosario aContiene las últimas modificaciones de la Ley del Seguro Social aSíntesis de las prestaciones y servicios que otorga la Ley del Seguro Social Fórmulas para calcular salario base de cotización, prestaciones en dinero, grado de riesgo y liquidación de cuotas obrero-patronales Formas e instrucciones de llenado Manual SUA 2000 Tópicos actuales de Seguridad Social aEducación Mixta / bDerecho / cDerecho de la Seguridad Social (P22) / d(20 001722) aEducación Mixta /bDerecho /cDerecho de la seguridad social (P22-3) /d(08 004757) 0aSEGURIDAD SOCIAL 0aLEY DEL SEGURO SOCIAL 0aIMSSxPRESTACIÓN DE SERVICIOS cLB2lcc